Sports Quiz

Random Sports Quiz

Top 100 season 2010 Quiz Stats

 Plays Quiz not verified by Sporcle

Score 0/101 Timer 15:00
0 Plays Today
Nationality Cyclist % Correct
SpainAlberto Contador Velasco
98.7%
LuxembourgAndy Schleck
97.2%
LuxembourgFrank Schleck
97.2%
SwitzerlandFabian Cancellara
95%
UKMark Cavendish
94.5%
AustraliaCadel Evans
94%
NorwayThor Hushovd
93%
KazakhstanAlexandre Vinokourov
92.7%
BelgiumPhilippe Gilbert
90.2%
ItalyVincenzo Nibali
90%
SpainLuis Leon Sanchez
87.7%
SpainSamuel Sanchez Gonzalesz
87.5%
BelgiumTom Boonen
87.2%
ItalyIvan Basso
85.7%
NetherlandsRobert Gesink
83.2%
USATyler Farrar
82%
RussiaDenis Menchov
81.5%
SpainJoaquin Rodriguez Oliver
80.7%
GermanyTony Martin
80.5%
IrelandDaniel Martin
80.5%
IrelandNicolas Roche
79.9%
NorwayEdvald Boasson Hagen
79.7%
GermanyAndre Greipel
76.2%
CanadaRyder Hesjedal
74.9%
SpainOscar Freire Gomez
74.7%
FranceTomas Voeckler
74.7%
ItalyAlessandro Petacchi
74.2%
USALevi Leipheimer
72.9%
SlovakiaPeter Sagan
70.9%
Czech RepublicRoman Kreuziger
70.2%
USAChris Horner
68.9%
AustraliaRobbie McEwen
64.9%
ItalyDamiano Cunego
63.4%
SpainCarlos Sastre Candil
61.7%
Nationality Cyclist % Correct
ItalyMichele Scarponi
60.7%
BelgiumJurgen van den Broeck
59.6%
DenmarkMatti Breschel
59.4%
UKDavid Millar
57.9%
SpainIgor Anton Hernandez
57.6%
SloveniaJanez Brajkovic
57.1%
FranceSylvain Chavanel
56.6%
NetherlandsBauke Mollema
56.1%
SlovakiaPeter Velits
54.6%
DenmarkJakob Fuglsang
54.1%
ItalyFilippo Pozzato
53.6%
AustraliaMichael Rogers
52.9%
BelgiumStijn Devolder
52.6%
SpainJuan Antonio Flecha Giannoni
51.9%
RussiaAlexandr Kolobnev
51.4%
GermanyAndreas Kloden
51.1%
SpainEzequiel Mosquera Miguez
49.9%
KazakhstanMaxim Iglinskiy
49.9%
New ZealandGregory Henderson
48.6%
AustraliaMatthew Goss
47.4%
ItalyStefano Garzelli
44.4%
SwedenGustav Erik Larsson
43.9%
ItalyRiccardo Ricco
43.6%
AustraliaRichie Porte
42.6%
ItalyDaniele Bennati
42.6%
ItalyGiovanni Visconti
42.1%
BelgiumBjörn Leukemans
40.9%
USATejay van Garderen
40.6%
SloveniaGrega Bole
39.3%
FranceSandy Casar
39.3%
BelgiumGreg van Avermaet
38.1%
SpainJose Joaquin Rojas
36.8%
NetherlandsKoos Moerenhout
34.8%
SwitzerlandMichael Albasini
34.6%
Nationality Cyclist % Correct
SpainDavid Arroyo Duran
34.1%
GermanyJens Voigt
34.1%
FrancePierrick Fedrigo
33.8%
FranceRomain Feillu
32.8%
PortugalTiago Jose Pinto Machado
32.3%
SloveniaSimon Spilak
31.3%
FranceDavid Moncoutie
30.6%
AustraliaAlan Davis
30.1%
SpainXavier Tondo Volpini
28.8%
BelgiumMaxime Monfort
27.8%
ItalyDomenico Pozzovivo
27.3%
ColombiaLeonarde Fabio Duque
26.8%
NetherlandsRobert Kenny van Hummel
26.6%
SwitzerlandMartin Elmiger
25.8%
SpainHaimar Zubeldia Agirre
25.1%
NetherlandsStefan van Dijk
23.3%
FranceCédric Pineau
23.3%
ItalyMarco Marcato
22.8%
FranceChristophe le Mevel
22.8%
FranceSamuel Dumoulin
22.1%
BelgiumJürgen Roelandts
21.8%
SpainFranco Ventoso Alberdi
19.5%
ItalyLuca Paolini
19.3%
Italy Marco Pinotti
17.8%
SpainKoldo Fernandez de Larrea
17%
ItalyMatteo Carrara
17%
FranceChristophe Riblon
16.5%
ItalyFrancesco Gavazzi
14.5%
FranceJerome Coppel
10.5%
SpainSergio Pardilla Bellon
9.5%
ItalyLeonardo Bertagnolli
7.5%
ItalyEnrico Rossi
5.8%
5.3%

You're not logged in!

Compare scores with friends on all Sporcle quizzes.
OR
Log In

Show Comments

Extras

Top Quizzes Today


Score Distribution

Your Account Isn't Verified!

In order to create a playlist on Sporcle, you need to verify the email address you used during registration. Go to your Sporcle Settings to finish the process.

Report this User

Report this user for behavior that violates our Community Guidelines.

Details: